Zvládni svoj stres! kniha o duševnom zdraví

Bibliographic Details
Main Author: Melgosa, Julián, 1957- (Author)
Other Authors: Dudová, Viera (Translator)
Format: Book
Language:Slovak
PhysicalDescription:190 s. fareb. fotogr. a ilustr., tab. 25 cm
Published: Vrútky Advent Orion 1998
ISBN:808871981X
Series:Život a zdravie
Subjects:

MARC

LEADER 00000nam a2200000 a 4500
001 vtls001359372
003 SK-MaSNL
005 20260301115021.0
008 251113s1998 xo apa r yy 0 slo
015 |a SNBA1999/06-02177 
020 |a 808871981X 
035 |a SNK000312907 
035 |a urn:nbn:sk:snk-amkj5u 
035 |a urn:nbn:sk:snk-am008hqr 
035 |a 45251BBE-85FC-4067-A56B-93B619F7B6E5 
040 |a SNK  |b slo  |c SNK  |e AACR2 
041 0 |a slo 
044 |a xo  |c SK 
080 |a 613.86(035)  |2 1981 
100 1 |a Melgosa, Julián,  |d 1957-  |4 aut  |9 205301 
240 1 0 |a Sin estrés!  |l Slovensky 
245 1 0 |a Zvládni svoj stres!  |b kniha o duševnom zdraví  |c Julián Melgosa ; [preklad z českého jazyka: Viera Dudová] 
260 |a Vrútky  |b Advent Orion  |c 1998 
300 |a 190 s.  |b fareb. fotogr. a ilustr., tab.  |c 25 cm 
490 1 |a Život a zdravie 
500 |a Údaj o prekl. prevzatý z tiráže 
504 |a Bibliogr. s. 186. Reg. 
650 0 7 |a stres  |2 SNK  |9 14472 
650 0 7 |a psychohygiena  |2 SNK  |9 2574 
655 7 |a príručky  |2 SNK  |9 74364 
700 1 |a Dudová, Viera  |4 trl  |9 43499 
830 0 |a Život a zdravie  |9 295188 
852 |a Akadémia umení v Banskej Bystrici 
919 |a 80-88719-81-X 
958 |a TL 
958 |a NB 
958 |a NS 
958 |a OP 
968 |b ESP  |c ČES 
999 |c 720651  |d 722581 
952 |t P60, <09>, [BOOK], {629}  |a SNK  |b SNK  |y NEVYP  |7 0  |o snkC 505  |i snk982/20000918  |0 0  |1 0  |4 0  |d 2000-09-11  |l 0  |r 2005-01-02 00:00:00  |w 2026-02-23 
952 |t P60, <03>, [BOOK], {603}  |a SNK  |b SNK  |y PREZ  |7 0  |p 17A0187864  |o snkSC 98170  |i snkKSP 3652/99  |0 0  |1 0  |4 0  |d 1999-04-07  |f 1  |l 0  |r 2025-09-18 00:00:00  |w 2026-02-23 
952 |t P60, <04>, [BOOK], {604}  |a SNK  |b SNK  |y VYP  |7 0  |p 17A0707888  |o snkSC 98170 D1  |i snkKSP 3653/99  |0 0  |1 0  |4 0  |d 1999-04-07  |l 0  |r 2005-01-02 00:00:00  |w 2026-02-23